| 000 | 00867cad a22002175a 4500 | ||
|---|---|---|---|
| 001 | E151270 | ||
| 008 | 101013s2008 xxk f 100 0 eng d | ||
| 020 | _a9781842194348 | ||
| 035 | _a(Sirsi) u151270 | ||
| 041 | 0 | _aeng | |
| 100 | 1 | _aSmyth, Hedley | |
| 111 | 2 |
_aConstruction and Building Research Conference _cDublin Institute of Technology, Dublin _d4-5 September 2008 |
|
| 245 | 0 | 0 |
_aDeveloping contractor-client relations is dependent upon respective organisational relations _ban exploration through a case of trust within a major contractor organisation _h[electronic resource] |
| 260 |
_aLondon _bRICS _c2008 |
||
| 520 | _aA paper presented at the COBRA Conference 2008 in Dublin. | ||
| 590 | _aKA | ||
| 650 | 2 | 4 | _aCONSTRUCTION AND BUILDING RESEARCH CONFERENCE (COBRA) |
| 651 | 4 | _aInternational | |
| 690 |
_aConstruction management _96230 |
||
| 942 | _n0 | ||
| 999 |
_c111268 _d111268 |
||